Qué ha dicho verdaderamente Santo Tomás de Aquino / (Record no. 123043)

MARC details
000 -LEADER
campo de control de longitud fija 00561nam a2200181 4500
001 - NÚMERO DE CONTROL
campo de control 123043
003 - IDENTIFICADOR DE NÚMERO DE CONTROL
campo de control ES-MaACL
005 - FECHA Y HORA DE LA ÚLTIMA TRANSACCIÓN
campo de control 20230906192111.0
007 - CAMPO FIJO DE DESCRIPCIÓN FÍSICA--INFORMACIÓN GENERAL
campo de control de longitud fija t|
008 - DATOS DE LONGITUD FIJA--INFORMACIÓN GENERAL
campo de control de longitud fija 070214s1971 sp r ||||0| spa d
100 1# - ENTRADA PRINCIPAL--NOMBRE DE PERSONA
Nombre de persona Proton, Didier Edmond.
9 (RLIN) 94046
245 10 - MENCIÓN DEL TÍTULO
Título Qué ha dicho verdaderamente Santo Tomás de Aquino /
Mención de responsabilidad, etc. Didier E. Proton ; traducción por Rosario de la Iglesia.
250 ## - MENCION DE EDICION
Mención de edición 1ª ed.
260 ## - PUBLICACIÓN, DISTRIBUCIÓN, ETC.
Lugar de publicación, distribución, etc. Madrid :
Nombre del editor, distribuidor, etc. Doncel,
Fecha de publicación, distribución, etc. 1971.
300 ## - DESCRIPCIÓN FÍSICA
Extensión 132 p ;
Dimensiones 18 cm.
700 1# - ENTRADA AGREGADA--NOMBRE PERSONAL
Nombre de persona Iglesia, Rosario de la.
9 (RLIN) 65062
852 ## - LOCALIZACIÓN
Ubicación ES-MaACL
Número de control de estantería C-41607
Sublocalización o colección R.79971
Holdings
Estatus retirado Estado de pérdida Estado de daño No para préstamo Biblioteca de origen Biblioteca actual Ubicación en estantería Fecha de adquisición Fuente de adquisición Total de préstamos Signatura topográfica completa Código de barras Visto por última vez Precio de reemplazo Tipo de ítem Koha
        Biblioteca del Ateneo de Madrid Biblioteca del Ateneo de Madrid Depósito 2 17/01/2008     C-41607 1128214 23/02/2023 23/02/2023 Libro impreso